Formula 1 2013 Championship Standings - Statistics

General Stats
  • This quiz has been taken 22 times
  • The average score is 19 of 23
Answer Stats
Position Team Driver % Correct
8th Ferrari Felipe Massa
100%
2nd Ferrari Fernando Alonso
100%
5th Lotus-Renault Kimi Raikkonen
100%
4th Mercedes Lewis Hamilton
100%
3rd Red Bull-Renault Mark Webber
100%
6th Mercedes Nico Rosberg
100%
1st Red Bull-Renault Sebastian Vettel
100%
14th Toro Rosso-Ferrari Daniel Ricciardo
94%
9th McLaren-Mercedes Jenson Button
94%
7th Lotus-Renault Romain Grosjean
94%
11th McLaren-Mercedes Sergio Perez
94%
10th Sauber-Ferrari Nico Hulkenberg
88%
17th Williams-Renault Valterri Bottas
88%
15th Toro Rosso-Ferrari Jean-Eric Vergne
76%
19th Marussia-Cosworth Jules Bianchi
76%
12th Force India-Mercedes Paul di Resta
76%
18th Williams-Renault Pastor Maldonado
71%
20th Caterham-Renault Charles Pic
65%
22nd Caterham-Renault Giedo van der Garde
65%
21st Lotus-Renault Heikki Kovalainen
65%
13th Force India-Mercedes Adrian Sutil
59%
16th Sauber-Ferrari Esteban Gutierrez
59%
23rd Marussia-Cosworth Max Chilton
59%
No matching quizzes found
Score Distribution
Percent of People with Each Score
Percentile by Number Answered
Your Score History
You have not taken this quiz